01580 a2200193 45000010006000000050017000060080041000230030015000640400040000790800033001192450020001522640049001723000019002215051050002401000023012907000021013137000029013347000023013632607720260407155542.0260407a1981 arg spa dAR-UNSa-BCEJYS aAR-UNSa-BCEJYSbspacAR-UNSa-BCEJYS a330.101.541xMacroeconomía10aMacroeconomía 1aBogotá :bMcGraw-Hill Interamericanac1981 a692 p.c23 cm. a1. Introducción - 2. La contabilización del ingreso nacional - 3. La demanda agregada y equilibrio entre ingreso y producción - 4. El dinero, el interés y la renta - 5. El consumo, ingreso, riqueza y retardos - 6. Gasto de inversión - 7. La demanda de dinero - 8. El proceso de la oferta de dinero - 9. Los problemas de la política de estabilización - 10. Los años de Kennedy y Johnson, la nueva economía y el surgimiento de la inflación - 11. La oferta agregada - 12. Ingreso, precios y desempleo - 13. Inflación, producción y desempleo - 14. Presupuesto, financiación del gobierno y de la deuda pública - 15. Política de estabilización: la curva de Phillips y los intercambios, entre inflación y desempleo - 16. Política económica 1969 - 1679: Los problemas de la inflación y el desempleo - 17. El crecimiento a largo plazo - 18. La macroeconomía de una economía abierta: comercio y flujos de capital con tasas de cambio fijas - 19. Comercio y flujos de capitales con tasas de cambio flexibles.1 aDornbusch, Rudiger1 aFischer, Stanley1 aEcheverri, Rubén Dario1 aFernandez, Eduardo